| 000 | 01409nam a22003977a 4500 | ||
|---|---|---|---|
| 003 | CHAP | ||
| 005 | 20220329141711.0 | ||
| 008 | 971013s1985 r 00010 d | ||
| 010 | _a72464 | ||
| 011 | _a73436 | ||
| 035 | _a82993 | ||
| 040 | _cCHAP | ||
| 082 |
_a660.28 _bB3 |
||
| 100 | 0 | 0 |
_aBaquero Franco, José. _910021 |
| 245 | _aEquipos para la industria química y alimentaria | ||
| 260 |
_aMadrid : _bAlhambra, _c1985 |
||
| 300 |
_a591 p. _b: ilus. |
||
| 490 |
_aZairos aula politecnia _v; 37 |
||
| 590 |
_aBATCH-UPD _b10 _c20130110 _lUCH01 _h0327 |
||
| 590 |
_aBATCH-UPD _b10 _c20130110 _lUCH01 _h2305 |
||
| 590 |
_aBATCH-UPD _b10 _c20130410 _lUCH01 _h0000 |
||
| 590 |
_aBATCH-UPD _b10 _c20130410 _lUCH01 _h1557 |
||
| 590 |
_aBATCH-UPD _b10 _c20130914 _lUCH01 _h0151 |
||
| 590 |
_aBATCH-UPD _b10 _c20130914 _lUCH01 _h1950 |
||
| 590 |
_aCONVERSION _b10 _c20130109 _lUCH01 _h1340 |
||
| 650 | 1 | 4 |
_aAlimentos _xImplementos y maquinaria. _94225 |
| 650 | 1 | 4 |
_aAlimentos _xIndustria. _94227 |
| 650 | 1 | 4 |
_aIndustrias químicas. _958034 |
| 650 | 1 | 4 |
_aQuímica _xImplementos y maquinaria. _993563 |
| 700 | 0 |
_aLlorente Martínez, V. _967291 |
|
| 830 | 0 |
_aZairos aula politecnia _v; 37 _9123444 |
|
| 901 | _aBK | ||
| 942 | _cLIBRO | ||
| 949 |
_a660.28 B3 _bBC _cLIBRO _d33724000119343 _eLIBRO _fc.2 _gI. 132478 _h70803 _i82993 _si _t9.56 |
||
| 949 |
_a660.28 B3 _bBC _cLIBRO _d33724000119442 _eLIBRO _gI.132477 _h70802 _i82993 _si _t9.56 |
||
| 999 |
_c72464 _d72464 |
||